| 000 | 00618nam a2200205 a 4500 | ||
|---|---|---|---|
| 003 | PILC | ||
| 005 | 20160205144040.0 | ||
| 008 | 111111s19uu xx 00 eng d | ||
| 020 | _a9780415800662 | ||
| 050 |
_aBF 637.B4 _b.Se45 2010 |
||
| 100 | _aSelig, Meg. | ||
| 245 |
_aChangepower! : _b37 secrets to habit change success / _cMeg Selig. |
||
| 260 |
_aNew York : _bRoutledge, _c2010. |
||
| 300 |
_a260 pages : _billustrations ; _c22 cm. |
||
| 500 | _aIncludes bibliographical references and indexes. | ||
| 650 | _aBehavior modification. | ||
| 650 | _aHabit breaking. | ||
| 942 |
_cBK _2lcc _kFOR |
||
| 999 |
_c24639 _d24639 |
||